Normal view
MARC view
- A Brief History of Engineering Design
Entry Topical Term
001 - CONTROL NUMBER
- control field: 129991
003 - CONTROL NUMBER IDENTIFIER
- control field: NUST
005 - DATE AND TIME OF LATEST TRANSACTION
- control field: 20250721122030.0
008 - FIXED-LENGTH DATA ELEMENTS
- fixed length control field: 250721|| aca||aabn | a|a d
040 ## - CATALOGING SOURCE
- Original cataloging agency: NUST
- Transcribing agency: NUST
150 ## - HEADING--TOPICAL TERM
- Topical term or geographic name entry element: A Brief History of Engineering Design
670 ## - SOURCE DATA FOUND
- Source citation: Work cat.: (NUST)614366: Kayani, Saheeb Ahmed 129958, A Brief History of Engineering Design;, 2025.
